| 000 | 00798nam a2200205 a 4500 | ||
|---|---|---|---|
| 005 | 20230511063544.0 | ||
| 008 | 021025s2001 mx r 000 0 spa d | ||
| 035 | _aUPN01000120509 | ||
| 049 | _aCG | ||
| 050 | 4 |
_aF1234 _bF5.3 |
|
| 100 | 1 | _aFlores, Oscar | |
| 245 | 1 | 3 |
_aEl gobierno de su majestad Alfonso XIII ante la revolución mexicana : _boligarquía española y contrarrevolución en México, 1909-1920 / _cOscar Flores. |
| 260 |
_aMonterrey : _bUniversidad de Monterrey : _bSenado de la República, LVIII Legislatura, _c2001. |
||
| 300 | _a618 p. | ||
| 440 | 0 |
_aHistoria ; _v1 |
|
| 651 | 4 |
_aMéxico _xHistoria _yRevolución, 1910-1917 _9223 |
|
| 651 | 2 |
_aMéxico _xRelaciones exteriores _zEspaña _ySiglo XIX _925818 |
|
| 651 | 2 |
_aEspaña _xRelaciones exteriores _zMéxico _915803 |
|
| 905 | _aLibro | ||
| 999 |
_c92843 _d92843 |
||